000 00263nam a2200109Ia 4500
008 220216s9999 xx 000 0 und d
100 _aSebastian Cyriyak
245 0 _aSheeturubbernirmanam sredhikanere
260 _bRubber
_c2013
300 _a12-Sep
942 _cJS
999 _c68645
_d68645